Příklady z ekonomické statistiky Sv. 1

Na minha lista:
Detalhes bibliográficos
Autor principal: Hronová, Stanislava
Autor Corporativo: Vysoká škola ekonomická v Praze. Národohospodářská fakulta
Outros Autores: Zychová, Lenka
Formato: Livro
Idioma:tcheco
Publicado em: Praha Státní pedagogické nakladatelství 1989
Edição:1. vyd.
Tags: Adicionar Tag
Sem tags, seja o primeiro a adicionar uma tag!

MARC

LEADER 00000nam a2200000 4500
001 c023811
005 20221215120530.1
041 0 |a cze 
044 |a CZ 
245 1 0 |a Příklady z ekonomické statistiky  |b Sv. 1  |c Stanislava Hronová, Lenka Zychová 
250 |a 1. vyd. 
264 1 |a Praha  |b Státní pedagogické nakladatelství  |c 1989 
300 |a 185 s. 
100 1 |a Hronová, Stanislava 
700 1 |a Zychová, Lenka 
710 2 |a Vysoká škola ekonomická v Praze. Národohospodářská fakulta